| 000 | 00491nam a22001937a 4500 | ||
|---|---|---|---|
| 003 | JO-AjAnu | ||
| 005 | 20231128100113.0 | ||
| 008 | 231127b jo ||||| |||| 00| 0 ara d | ||
| 020 | _a9798504465012 | ||
| 040 |
_aJO-AjAnu _beng _cJO-AjAnu |
||
| 041 | _aeng | ||
| 050 |
_aHG3261 . _b2021 |
||
| 100 |
_aLian, farid H _964489 |
||
| 245 | 0 |
_aFINTECH : _b Bridge to the future / _cFarid H, Lian |
|
| 260 | _c2021 | ||
| 300 | _a212 pages | ||
| 650 | 0 |
_aFintech _964494 |
|
| 942 |
_2lcc _cBK _n0 |
||
| 999 |
_c33174 _d33174 |
||